|
|
|
|
| LEADER |
01255nam a2200265 a 4500 |
| 001 |
GR-Antirio851 |
| 008 |
090529s2004 nju b 001 0 gre d |
| 020 |
|
|
|a 0131911341
|
| 040 |
|
|
|a GrPaTEI
|b gre
|c GR-PaULI
|
| 040 |
|
|
|a GrPaTEI
|b gre
|c GR-PaULI
|
| 040 |
|
|
|a GrPaTEI
|b gre
|c GR-PaULI
|
| 082 |
|
0 |
|a 621.382
|2 21
|
| 100 |
0 |
|
|a Kolimbiris, Harold
|
| 245 |
1 |
0 |
|a Fiber optics communications /
|c Kolimbiris, Harold.
|
| 260 |
|
|
|a Upper Saddle River, N. J. :
|b Pearson / Prentice Hall,
|c c 2004
|
| 300 |
|
|
|a xiτ. , 649 σ. :
|b εικ. ;
|c 29 εκ. +
|e 1 cd-rom
|
| 504 |
|
|
|a Περιλαμβάνει βιβλιογραφίες και ευρετήριο.
|
| 650 |
|
0 |
|a Fiber optics
|
| 650 |
|
0 |
|a Optical communications
|
| 650 |
|
0 |
|a OPTICAL DETECTORS
|
| 942 |
|
|
|2 ddc
|
| 952 |
|
|
|0 0
|1 0
|2 ddc
|4 0
|6 621_382000000000000_KOL
|7 0
|9 262331
|a LISK-2
|b LISK-2
|c BSC
|d 2021-01-17
|e 24
|f 0
|g 0.00
|l 0
|o 621.382 KOL
|p 2430000007362
|r 2021-01-17 00:00:00
|t 1
|w 2021-01-17
|y BK15
|x 20090529 0 1
|x GrPaTEI - Antirrio
|
| 952 |
|
|
|0 0
|1 0
|2 ddc
|4 0
|6 621_382000000000000_KOL
|7 0
|9 262332
|a LISK-2
|b LISK-2
|c BSC
|d 2021-01-17
|e 24
|f 0
|g 0.00
|l 0
|o 621.382 KOL
|p 2430000007363
|r 2021-01-17 00:00:00
|t 1
|w 2021-01-17
|y BK15
|x 20090529 0 1
|x GrPaTEI - Antirrio
|
| 971 |
|
|
|a .b25706500
|b 01-10-20
|c 12-09-16
|
| 999 |
|
|
|c 151277
|d 151277
|